Adam Smith Pekin'de (Kayıt no. 4727)

MARC ayrıntıları
000 -BAŞLIK
Sabit Uzunlukta Kontrol Alanı 00998na a2200325 4500
001 - KONTROL NUMARASI
Denetim Alanı 14544
003 - KONTROL NUMARASI IDENTIFIER
Denetim Alanı MIRAKIL
005 - SON İŞLEM TARİHİ VE ZAMANI
Denetim Alanı 20181213155015.0
008 - SABİT-BOY VERİ ELEMANLARI - GENEL BİLGİLER
Sabit Uzunlukta Kontrol Alanı 161025b tu 000 0
020 ## - ULUSLARARASI STANDART KİTAP NUMARASI
Uluslararası Standart Kitap Numarası 9789944122580
035 ## - SİSTEM KONTROL NUMARASI
Sistem Kontrol Numarası 14544
040 ## - KATALOGLAMA KAYNAK
Orijinal Kataloglama Ajansı Milas
Kataloglama Dili tur
Metne Dönüştürmek Ajansı TR-AnCHP
041 ## - DİL KODU
Metin / Ses Parça Veya Ayrı Başlığın Dil Kodu tur
082 ## - DEWEY ONLU SINIFLANDIRMA NUMARASI
Sınıflandırma Numarası 337
Ürün Numarası A66a 2009
090 ## - SINIFLAMA NUMARASI
Sınıflama Numarası 337 A66a 2009
100 ## - ANA GİRİŞ - KİŞİSEL İSİM
Kişisel Ad Arrighi, Giovanni
245 ## - BAŞLIK TABLOSU
Başlık Adam Smith Pekin'de
Başlığın Kalan 21. Yüzyılın soykütüğü
Sorumluluk Tablosu, Vb Giovanni Arrighi ; çeviren İbrahim Yıldız
246 ## - UNVAN FORM VARYING
Başlık Doğru / Kısa Başlığı 21. Yüzyılın soykütüğü
260 ## - YAYIN, DAĞITIM, VB
Yayın, Dağıtım, Vb Yeri İstanbul
Yayıncı, Dağıtıcı, Vs Adı Yordam Kitap Basın
Yayın, Dağıtım, Vb Tarihi 2009
300 ## - FİZİKSEL TANIM
Kapsam 416 s.
Diğer Fiziksel Ayrıntıları grf.
Boyutlar 25 sm.
490 ## - SERİSİ TABLOSU
Seri Beyanı Yordam Kitap
Hacim / Ardışık Tanımı 64
500 ## - GENEL NOT
Genel Not Eserin Özgün Adı: Adam Smith in Beijing
504 ## - KAYNAKÇA VB NOT
Kaynakça Vb Notu Kaynakça (ss. 391-410) ve dizin var
650 ## - KONU KATMA GİRİŞ - TOPİKAL DÖNEM
Topikal Süreli Veya Coğrafi Ad Giriş Elemanı Çin
Genel Alt Bölümü Ekonomik koşullar
650 ## - KONU KATMA GİRİŞ - TOPİKAL DÖNEM
Topikal Süreli Veya Coğrafi Ad Giriş Elemanı Küreselleşme
650 ## - KONU KATMA GİRİŞ - TOPİKAL DÖNEM
Topikal Süreli Veya Coğrafi Ad Giriş Elemanı Ekonomi
Genel Alt Bölümü Felsefe ve kuram
650 ## - KONU KATMA GİRİŞ - TOPİKAL DÖNEM
Topikal Süreli Veya Coğrafi Ad Giriş Elemanı Uluslararası ekonomi ilişkileri
700 ## - KATMA GİRİŞ - KİŞİSEL İSİM
Kişisel Ad Yıldız, İbrahim
942 ## - EKLENDİ GİRİŞ ELEMANLARI (KOHA)
Sınıflandırma Veya Raf Düzeni Kaynak
Koha Öğesi Türü Kitaplar
999 ## - SİSTEM KONTROL NUMARALARI (KOHA)
Koha Biblionumber 4727
Koha Biblioitemnumber 4727
Mevcut
Kalıcı Konum Mevcut Konum Edinme Tarihi Edinim Kaynak Toplam Check-Out'Lar Tam Çağrı Numarası Barkod Tarih Son Görülme İtibaren Geçerli Fiyatlar Koha Öğesi Türü
CHP Kütüphanesi CHP Kütüphanesi 08/29/2016 Bağış   337 A66a 2009 001425 08/29/2016 08/29/2016 Kitaplar